01277nam a22002057a 4500003000400000005001700004008004100021020001500062020001800077040000600095082001500101100002200116245007200138260004900210300002900259520070000288650002700988650002601015650003001041OSt20180116192409.0120713t 2007xxu||||| |||| 00| 0 eng d a1856694828 a9781856694827 c0 a728.370222 aMcLeod, Virginia.10aDetail in contemporary residential architecture :cVirginia McLeod. aLondon :bLaurence King Publishers, c 2007. a 240 p. :bill ;c30 cm. a Architectural detailing makes a building unique and an architect outstanding. This book provides analysis of both the technical and the aesthetic importance of details in the development of contemporary domestic architecture from 2000 to 2005. Featuring many of the world's most highlyacclaimed architects, the book presents over 50 of the most recently completed and influential house designs. For each house there are color photographs, plans of every floor, sections and elevations, and numerous construction details. The book also features in-depth information for each project, including the size, the client, the architectural project team, main consultants, and contractors. With CD-ROM. aArchitecture, Domestic aArchitecturexDetails aResidential architecture